书目信息 |
| 题名: |
十五届六中全会文件学习辅导
|
|
| 作者: | 何毅亭 主编 | |
| 分册: | ||
| 出版信息: | 北京 党建读物出版社 2001 |
|
| 页数: | 222页 | |
| 开本: | 20cm | |
| 丛书名: | ||
| 单 册: | ||
| 中图分类: | D229 | |
| 科图分类: | ||
| 主题词: | 中国共产党 | |
| 电子资源: | ||
| ISBN: | 7-80168-026-X | |
| 000 | 00601nam0 2200193 450 | |
| 001 | 0734744196 | |
| 005 | 20070717105122.68 | |
| 010 | @a7-80168-026-X@dCNY13.00 | |
| 010 | @a7-80098-542-3 | |
| 100 | @a20070705d2001 km y0chiy0120 ea | |
| 101 | 0 | @achi |
| 200 | 1 | @a十五届六中全会文件学习辅导@Ashi wu jie liu zhong quan hui wen jian xue xi fu dao@f何毅亭等主编@Fhe yi ting deng zhu bian |
| 210 | @a北京@c党建读物出版社@c研究出版社@d2001 | |
| 215 | @a222页@d20cm | |
| 606 | 0 | @a中国共产党 |
| 690 | @aD229@v3 | |
| 701 | 0 | @a何毅亭@Ahe yi ting@4主编 |
| 801 | 0 | @aCN@bPFT@c20070717 |
| 905 | @a10447@dD229@e131 | |
| 十五届六中全会文件学习辅导/何毅亭等主编.-北京:党建读物出版社:研究出版社,2001 |
| 222页;20cm |
| ISBN 7-80168-026-X:CNY13.00 |
| ● |
| 相关链接 |
|
|
|
|
正题名:十五届六中全会文件学习辅导
索取号:D229/131
 
预约/预借
| 序号 | 登录号 | 条形码 | 馆藏地/架位号 | 状态 | 备注 |
| 1 | 0765141 | 207651414 | 第一样本阅览室/ [索取号:D229/131] | 在馆 | |
| 2 | 0765499 | 207654992 | 密集书库/ [索取号:D229/131] | 在馆 | |
| 3 | 0765704 | 207657043 | 密集书库/ [索取号:D229/131] | 在馆 | |
| 4 | 0768097 | 207680972 | 密集书库/ [索取号:D229/131] | 在馆 | |
| 5 | 0769752 | 207697526 | 密集书库/ [索取号:D229/131] | 在馆 | |
| 6 | 0770423 | 207704233 | 密集书库/ [索取号:D229/131] | 在馆 |